| Tag |
First Indicator |
Second Indicator |
Subfields |
| LEADER |
00000cam a22000008a 4500 |
| 001 |
in00000090006 |
| 005 |
20151008063618.0 |
| 008 |
810603s1981 njua b 00110 eng |
| 010 |
|
|
|a 81010087
|
| 020 |
|
|
|a 0882850741 (pbk.) :
|c $12.50
|
| 035 |
|
|
|a (OCoLC)07578064
|
| 035 |
|
|
|9 AAK2590AM
|
| 039 |
0 |
|
|a 2
|b 3
|c 3
|d 3
|e 3
|
| 040 |
|
|
|a DLC
|c DLC
|d TXA
|d UtOrBLW
|
| 043 |
|
|
|a n-us---
|
| 049 |
|
|
|a TXAM
|c [1329215]
|
| 050 |
0 |
0 |
|a HC110.P63
|b S72
|
| 082 |
0 |
|
|a 338.973
|2 19
|
| 100 |
1 |
|
|a Sternlieb, George.
|
| 245 |
1 |
0 |
|a New tools for economic development :
|b the enterprise zone, Development Bank, and RFC /
|c edited by George Sternlieb, David Listokin.
|
| 263 |
|
|
|a 8107
|
| 264 |
|
1 |
|a Piscataway, N.J. :
|b Center for Urban Policy Research, Rutgers University,
|c [1981]
|
| 264 |
|
4 |
|c ©1981
|
| 300 |
|
|
|a 231 pages :
|b illustrations ;
|c 23 cm.
|
| 336 |
|
|
|a text
|b txt
|2 rdacontent
|
| 337 |
|
|
|a unmediated
|b n
|2 rdamedia
|
| 338 |
|
|
|a volume
|b nc
|2 rdacarrier
|
| 504 |
|
|
|a Includes bibliographies and index.
|
| 610 |
2 |
0 |
|a National Development Bank (United States)
|
| 610 |
2 |
0 |
|a Reconstruction Finance Corporation.
|
| 650 |
|
0 |
|a Economic assistance, Domestic
|z United States.
|
| 650 |
|
0 |
|a Urban renewal
|z United States.
|
| 700 |
1 |
|
|a Listokin, David.
|
| 999 |
|
|
|a MARS
|
| 999 |
f |
f |
|s a1dca913-8afe-35c9-a06a-7aaf446be2fb
|i fc9877e7-9e26-359d-90e1-9c1ccad1a00c
|t 0
|
| 952 |
f |
f |
|p ric
|a Texas A&M University
|b Rellis Campus
|c Joint Library Facility
|d Remote Storage
|t 0
|e HC110.P63 S72
|h Library of Congress classification
|i unmediated -- volume
|m A14806121916
|
| 998 |
f |
f |
|a HC110.P63 S72
|t 0
|l Remote Storage
|